| 000 | 00691nam a2200217Ia 4500 | ||
|---|---|---|---|
| 005 | 20260429112021.0 | ||
| 008 | 260429s9999||||xx |||||||||||||| ||und|| | ||
| 020 | _a9781032271972 | ||
| 041 | _aEnglish | ||
| 082 |
_a338.4791 _bMOR |
||
| 100 | _aMorrison, Alastair M. | ||
| 245 | 0 |
_aRoutledge handbook of trends and issues in tourism sustainability, planning and development, management, and technology / _cAlastair M. Morrison |
|
| 250 | _a1st ed. | ||
| 260 |
_aNew York : _bRoutledge, _c2024. |
||
| 300 | _axxxiii, 464 p.; hb | ||
| 650 | _a Hospitality technology | ||
| 650 | _a Tourism planning | ||
| 650 | _aSustainable tourism | ||
| 700 | _a Buhalis, Dimitrios | ||
| 942 | _cTB | ||
| 999 |
_c51911 _d51911 |
||